01789nas a2200241Ia 4500001001100000003001000011008004100021040002500062041001300087100002200100210002000122222002000142245010200162250001100264260008500275300001200360310001000372362002900382500050400411501011400915520050401029650001401533R050-S0538IT-CnALBA170116c99999999xx |||||||||||| ||und|| aIT-CnALBAcIT-CnALBA aITALIANO aCARDUCCI GIOSUÈ aNUOVA ANTOLOGIA aNUOVA ANTOLOGIA 0aNUOVA ANTOLOGIA. GENNAIO FEBBRAIO 1883. II SERIE. VOL. XXXVII. b RIVISTA DI LETTERE SCIENZE ARTI a1a ed. a ROMAbDIREZIONE NUOVA ANTOLOGIA c1883 [1° Ed.:1883 - Ed.Ling.Originale: 1883] a806 p.  aVARIA aFascicolo: 1-4 / (1883) aIL BRINDISI DI G. PARINI. BONIFACIO VIII E IL COMUNE DI FIRENZE SECONDO I DOCUMENTI VATICANI, FRASCHETTI A. IL SOCIALISMO E LE QUESTIONI SOCIALI DINANZI AI PARLAMENTI D'EUROPA. LA SIRENA, STORIA VERA, BARRILI A. C. I TRIBUNALI VATICANI, BONGHI R. LA VALIGIA DI NATALE, SCHIZZO DI COSTUMI, BERI PIGORINI C. RASSEGNA LETTERATURE STRANIERE. FEDERICO II E MARIA TERESA. IL VII VOLUME DI MOLIERE. VIII FASCICOLO DEL DIZIONARIO DI EDMONDO SAGLIO. RASSEGNA POLITICA. BOLLETTINO FINANZIARIO, BIBLIOGRAFICO.  aSocietà San Paolo EM - Piazza San Paolo, 14 - 12051 ALBA (CN) (non commercial uses only) ® Copyright 2017 aIL BRINDISI DI G. PARINI. BONIFACIO VIII E IL COMUNE DI FIRENZE SECONDO I DOCUMENTI VATICANI, FRASCHETTI A. IL SOCIALISMO E LE QUESTIONI SOCIALI DINANZI AI PARLAMENTI D'EUROPA. LA SIRENA, STORIA VERA, BARRILI A. C. I TRIBUNALI VATICANI, BONGHI R. LA VALIGIA DI NATALE, SCHIZZO DI COSTUMI, BERI PIGORINI C. RASSEGNA LETTERATURE STRANIERE. FEDERICO II E MARIA TERESA. IL VII VOLUME DI MOLIERE. VIII FASCICOLO DEL DIZIONARIO DI EDMONDO SAGLIO. RASSEGNA POLITICA. BOLLETTINO FINANZIARIO, BIBLIOGRAFICO.  aPERIODICI